000 00758nam a22002537a 4500
001 BR8702460
003 BR-BrBNA
005 20230928092504.0
007 ta
008 230509b bl.||||| |||| 00| 0 por d
040 _aBR-BrBNA
_bpor
_cBiblioteca Nacional de Agricultura
041 _a(Por)
072 _aF01
_b0600
_b/G514
090 _ 0600 BR8702460
110 1 _aAssociacao Nordestina de Credito e Assistencia Rural da Paraiba, Joao Pessoa (Brasil)
_9691
245 1 _aAs frutas
260 3 _aJoao Pessoa, PB (Brasil):
_c1974.
300 _a5 p.
500 _a(*) Documento disponível no(a) EMATER, Joao Pessoa, PB (Brazil). Biblioteca
650 _aFRUTICULTURA
650 _aPARAIBA
909 _a202309
_bLucia
_c55
_dLucia Elande
942 _cBK
999 _c39375
_d39375